LEADER 01801nam 2200541 450 001 9910795493103321 005 20200520144314.0 010 $a0-8389-1491-8 035 $a(CKB)4340000000209724 035 $a(MiAaPQ)EBC5109505 035 $a(Au-PeEL)EBL5109505 035 $a(CaPaEBR)ebr11457999 035 $a(OCoLC)1009181484 035 $a(EXLCZ)994340000000209724 100 $a20171124h20172017 uy 0 101 0 $aeng 135 $aurcnu|||||||| 181 $2rdacontent 182 $2rdamedia 183 $2rdacarrier 200 10$aAcquisitions $ecore concepts and practices /$fJesse Holden 205 $aSecond edition. 210 1$aChicago, [Illinois] :$cNeal-Schuman,$d2017. 210 4$d2017 215 $a1 online resource (153 pages) 311 $a0-8389-1460-8 320 $aIncludes bibliographical references at the end of each chapters and index. 606 $aAcquisitions (Libraries) 606 $aAcquisition of electronic information resources 606 $aLibraries and electronic publishing 606 $aAcquisitions (Libraries)$xTechnological innovations 606 $aAcquisitions (Libraries)$xPhilosophy 606 $aAcquisitions librarians$xProfessional ethics 615 0$aAcquisitions (Libraries) 615 0$aAcquisition of electronic information resources. 615 0$aLibraries and electronic publishing. 615 0$aAcquisitions (Libraries)$xTechnological innovations. 615 0$aAcquisitions (Libraries)$xPhilosophy. 615 0$aAcquisitions librarians$xProfessional ethics. 676 $a025.2 700 $aHolden$b Jesse$01578274 801 0$bMiAaPQ 801 1$bMiAaPQ 801 2$bMiAaPQ 906 $aBOOK 912 $a9910795493103321 996 $aAcquisitions$93857553 997 $aUNINA LEADER 01419nas 2200457- 450 001 9910420859703321 005 20241204165431.0 011 $a2540-9204 035 $a(OCoLC)1244448474 035 $a(CKB)4100000011508208 035 $a(CONSER)--2022225359 035 $a(EXLCZ)994100000011508208 100 $a20201110a20uu9999 s-- - 101 0 $aind 135 $aur|n||||||||| 181 $ctxt$2rdacontent 182 $cc$2rdamedia 183 $acr$2rdacarrier 200 00$aAl-Adabiya $ejurnal Kebudayaan dan Keagamaan 210 1$aPonorogo, Indonesia :$cLP2M Institut Agama Islam Sunan Giri (INSURI) 215 $a1 online resource 300 $aRefereed/Peer-reviewed 311 08$a1907-1191 517 3 $aJurnal Kebudayaan dan Keagamaan 606 $aReligion$xStudy and teaching$vPeriodicals 606 $aCulture$vPeriodicals 606 $aSocial sciences$vPeriodicals 606 $aSocial sciences$2fast$3(OCoLC)fst01122877 606 $aReligion$xStudy and teaching$2fast$3(OCoLC)fst01093807 606 $aCulture$2fast$3(OCoLC)fst00885059 608 $aPeriodicals.$2fast 615 0$aReligion$xStudy and teaching 615 0$aCulture 615 0$aSocial sciences 615 7$aSocial sciences. 615 7$aReligion$xStudy and teaching. 615 7$aCulture. 906 $aJOURNAL 912 $a9910420859703321 996 $aAl-Adabiya$92787842 997 $aUNINA